| 000 | 01666nam a2200469 b 4500 | ||
|---|---|---|---|
| 001 | 226369 | ||
| 003 | DO-SdBNP | ||
| 005 | 20171109111039.0 | ||
| 007 | 226369 | ||
| 008 | 071001s2007 ms | ||| ||spa | ||
| 016 | 7 |
_a _2BPMSU |
|
| 017 |
_a _b |
||
| 020 | _a97897077092287 | ||
| 035 | _a | ||
| 040 |
_aBPMSU _bspa _cBPMSU _e |
||
| 041 | 1 |
_aspa _h |
|
| 080 | 0 | _a | |
| 080 | _a | ||
| 080 | _a | ||
| 082 | 4 |
_a382.3 _bS855c |
|
| 100 | 1 |
_aStiglitz, Joseph E. _d1943- |
|
| 240 | 1 | 0 |
_aFair trade for all _lEspañol |
| 245 | 1 | 0 |
_aComercio justo para todos : _h _bcómo el comercio puede promover el desarrollo / _cJoseph E. Stglitz y Andrew Charlton ; traducción de Natalia Rodríguez Martín |
| 260 | 0 |
_aMéxico : _bSantillana, _c2007 |
|
| 300 |
_a464 p. : _bil., gráf. _c25 cm |
||
| 490 | 1 | _a Pensamiento (Taurus) | |
| 500 | _aIncluye índice | ||
| 504 | _a Bibliografía: p. 412-436 | ||
| 650 | 4 | _aCOMERCIO INTERNACIONAL | |
| 650 | 4 | _aDESARROLLO ECONÓMICO | |
| 651 | 4 |
_aPAÍSES EN DESARROLLO _xPOLÍTICA COMERCIAL |
|
| 651 | 4 |
_aPAÍSES EN DESARROLLO _xCOMERCIO |
|
| 700 | 1 | 2 |
_aRodríguez Martín, Natalia _etraductor |
| 830 | 0 | _a Pensamiento (Taurus) | |
| 910 | _aValidado. Control de calidad MFF | ||
| 942 |
_2ddc _cBK |
||
| 945 | _aInventariado extranjero / 2017 VM | ||
| 956 |
_aVMATEO _b10 _c20160831 _dBPMSU _f0069 |
||
| 980 |
_aM 18002-2007 _a978-84-306-0640-5 (ISBN único) _aM-BN _bBNALCALA _j12/454393 _cALCALA |
||
| 980 |
_aM 18002-2007 _a978-84-306-0640-5 (ISBN único) _aM-BN _bBNALCALA _jAHMo/292997 _cSG_PETANTI |
||
| 980 |
_aM 18002-2007 _a978-84-306-0640-5 (ISBN único) _aM-BN _bBNALCALA _jDL/1592488 _cCONSERVACI |
||
| 999 |
_c11254 _d11254 |
||